Rindu untuk dia
| Main Author: | Dhiya Zafira |
|---|---|
| Published: |
Shah Alam, Selangor:
Alaf 21,
2009.
|
| Subjects: |
| LEADER | 00607cam a2200181 7i4500 | ||
|---|---|---|---|
| 001 | 0000032919 | ||
| 005 | 20100430090000.0 | ||
| 008 | 100430 bm | ||
| 020 | |a 9789831244487 (pbk.) | ||
| 090 | 0 | 0 | |a F |b DHI 2009 |
| 100 | 0 | |a Dhiya Zafira | |
| 245 | 1 | 0 | |a Rindu untuk dia |c Dhiya Zafira. |
| 260 | |a Shah Alam, Selangor: |b Alaf 21, |c 2009. | ||
| 300 | |a 492 p.; |c 18 cm. | ||
| 650 | 0 | 0 | |a Malay fiction |
| 999 | |a 0000042509 |b BOK |c OPEN SHELF |e Ground Floor, Bestari Jaya | ||
| 999 | |a 0000042510 |b BOK |c OPEN SHELF |e Ground Floor, Bestari Jaya | ||
| 999 | |a 0000042511 |b BOK |c OPEN SHELF |e 2nd Floor, Shah Alam | ||


